000 00400nam a2200181Ia 4500
001 1925
005 20260306143804.0
008 260306t2016||||xx |||||||||||||| ||spa||
041 _aESP
082 _a158.1
_bF54E
100 _aFischman K., David
_eAUT
245 0 _aEl éxito es una decisión
260 _c2016
300 _a
_c
650 _aGEN
654 _aCPS
942 _cLIB
_dJUS
_fJUS
_2ddc
_n
999 _c1925
_d1925